[Event "Titled Tue 27th May Early"]
[Site "chess.com INT"]
[Date "2025.05.27"]
[Round "7"]
[White "Jahnz, Laurin"]
[Black "Souleidis, Georgios"]
[Result "1-0"]
[WhiteTitle "CM"]
[BlackTitle "IM"]
[WhiteElo "2233"]
[BlackElo "2418"]
[WhiteFideId "16261089"]
[BlackFideId "4206827"]
[EventDate "2025.05.27"]

1. e4 c5 2. Nf3 e6 3. g3 Nc6 4. Bg2 Nf6 5. Qe2 e5 6. O-O Be7 7. Na3 O-O 8. d3 h6
9. Nc4 d6 10. Ne3 Re8 11. h3 Bf8 12. c3 b5 13. Rd1 a5 14. g4 b4 15. Nf5 bxc3 16.
bxc3 Rb8 17. g5 hxg5 18. Bxg5 Bxf5 19. exf5 d5 20. Nd2 Rb2 21. Rdb1 Rc2 22. Rc1
Rxc1+ 23. Rxc1 Nb8 24. Rb1 Qd6 25. c4 Nh7 26. Bh4 e4 27. Bg3 Qh6 28. Rxb8 Rxb8
29. Bxb8 exd3 30. Qxd3 d4 31. Bg3 Nf6 32. Ne4 Nxe4 33. Bxe4 Qc1+ 34. Kg2 Be7 35.
Bd5 Qg5 36. Qe4 Qf6 37. h4 Kh7 38. a4 Bd6 39. Bxd6 Qxd6 40. Bxf7 Qf6 41. Bg6+
Kh6 42. Qf4+ 1-0

[Event "Titled Tue 27th May Early"]
[Site "chess.com INT"]
[Date "2025.05.27"]
[Round "7"]
[White "Hambardzumian, Yuri"]
[Black "Unver, Cumayi"]
[Result "0-1"]
[WhiteTitle "IM"]
[WhiteElo "2301"]
[BlackElo "2012"]
[WhiteFideId "13302795"]
[BlackFideId "6304940"]
[EventDate "2025.05.27"]

1. d4 Nf6 2. c4 g6 3. Nc3 Bg7 4. Nf3 O-O 5. g3 d6 6. Bg2 Nc6 7. d5 Nb8 8. O-O e5
9. e4 a5 10. Ne1 Na6 11. Nd3 Nd7 12. Be3 b6 13. f4 exf4 14. gxf4 Ndc5 15. Nxc5
Nxc5 16. Bd4 Bxd4+ 17. Qxd4 f6 18. b3 Qe7 19. Rae1 Bd7 20. Re3 Rae8 21. Rfe1 h5
22. e5 fxe5 23. fxe5 Qg7 24. h3 Rf5 25. Qh4 Rfxe5 26. Rxe5 Rxe5 27. Rxe5 Qxe5
28. Ne4 Nxe4 29. Bxe4 Bf5 30. Qd8+ Kh7 31. Qxc7+ Kh6 32. Bxf5 gxf5 33. Qxb6 Qg3+
34. Kf1 Qxh3+ 35. Ke2 Qg4+ 36. Kf2 f4 37. Qxd6+ Kg5 38. Qe5+ Kh4 39. Qf6+ Kh3
40. Qe6 Kh2 41. Qxg4 hxg4 42. d6 g3+ 43. Kf3 g2 44. d7 g1=Q 45. d8=Q Qg3+ 46.
Ke4 Qe3+ 47. Kf5 f3 48. Qh4+ Kg2 49. Qg4+ Kf1 50. Qh3+ Ke2 51. Qg4 Kd2 52. Kg6
f2 53. Qg2 Ke1 54. Qh1+ f1=Q 55. Qh4+ Qff2 56. Qxf2+ Qxf2 57. c5 Qxc5 0-1

[Event "Titled Tue 27th May Early"]
[Site "chess.com INT"]
[Date "2025.05.27"]
[Round "7"]
[White "Andrade, Ivan"]
[Black "Saiz Rodriguez, Daniel Evelio"]
[Result "0-1"]
[WhiteTitle "FM"]
[BlackTitle "FM"]
[WhiteElo "2161"]
[BlackElo "2187"]
[WhiteFideId "14800039"]
[BlackFideId "3523420"]
[EventDate "2025.05.27"]

1. e4 c5 2. Nf3 g6 3. d4 cxd4 4. Nxd4 Bg7 5. c4 Nc6 6. Be3 Qb6 7. Nb5 Qa5+ 8.
N5c3 d6 9. Be2 Nh6 10. O-O f5 11. Qd2 Ng4 12. Bxg4 fxg4 13. Bh6 O-O 14. Bxg7
Kxg7 15. a3 Be6 16. b4 Qh5 17. Nd5 Ne5 18. Nf4 Rxf4 19. Qxf4 Rf8 20. Qg3 Bxc4
21. Rc1 Qg5 22. Nc3 Nd3 23. Rc2 b5 24. Nd5 Bxd5 25. Qxd3 Bc4 26. Qd4+ Rf6 27. a4
a6 28. axb5 axb5 29. Ra7 Kf7 30. g3 h5 31. Rd2 h4 32. gxh4 Qxh4 33. e5 Qh3 34.
exf6 Qf1# 0-1

[Event "Titled Tue 27th May Early"]
[Site "chess.com INT"]
[Date "2025.05.27"]
[Round "7"]
[White "Yang, Kaiqi"]
[Black "Hiwale, Ronak"]
[Result "1-0"]
[WhiteTitle "GM"]
[WhiteElo "2481"]
[BlackElo "2105"]
[WhiteFideId "8604398"]
[BlackFideId "30975336"]
[EventDate "2025.05.27"]

1. e4 g6 2. d4 Bg7 3. h4 h5 4. Nf3 d6 5. Be2 Nf6 6. Ng5 Nbd7 7. Nc3 c5 8. d5 a6
9. a4 Ne5 10. Bf4 Rb8 11. Qd2 Bd7 12. Bg3 Nfg4 13. f4 f6 14. fxe5 fxg5 15. e6
Bc8 16. Qxg5 O-O 17. Bxg4 hxg4 18. h5 Bf6 19. Qxg4 g5 20. O-O Kh8 21. Rf5 b5 22.
axb5 axb5 23. e5 dxe5 24. Bxe5 Bxe5 25. Rxe5 Rf4 26. Qxg5 Qf8 27. d6 Bb7 28.
dxe7 Qf6 29. Qxf6+ Rxf6 30. Rd1 Rff8 31. exf8=Q+ Rxf8 32. e7 Re8 33. Rd8 Bc6 34.
Rxe8+ Bxe8 35. Nd5 Kg7 36. Nc7 Kf7 37. Nxe8 Kxe8 38. h6 Kf7 39. h7 Kf6 40. e8=Q
Kg7 41. h8=Q# 1-0

[Event "Titled Tue 27th May Early"]
[Site "chess.com INT"]
[Date "2025.05.27"]
[Round "7"]
[White "Burmakin, Evgeniy"]
[Black "Martinez Fernandez, Adrian"]
[Result "1-0"]
[WhiteTitle "FM"]
[BlackTitle "IM"]
[WhiteElo "2110"]
[BlackElo "2404"]
[WhiteFideId "4163729"]
[BlackFideId "32049048"]
[EventDate "2025.05.27"]

1. e4 Nf6 2. e5 Nd5 3. d4 d6 4. Nf3 g6 5. Bc4 Nb6 6. Bb3 Bg7 7. O-O O-O 8. h3 c5
9. dxc5 dxc5 10. Qe2 c4 11. Bxc4 Nxc4 12. Qxc4 Nc6 13. Qe2 Bf5 14. Nc3 Qa5 15.
Bf4 Rac8 16. Rad1 Be6 17. Ng5 Bxe5 18. Nxe6 fxe6 19. Bh6 Rfd8 20. Qg4 Nd4 21.
Rfe1 Nf5 22. Bd2 Qc7 23. Qe2 Bf6 24. Qxe6+ Kg7 25. Nd5 Qxc2 26. Nxf6 exf6 27.
Bc3 Rxd1 28. Qxf6+ Kh6 29. g4 Rxe1+ 30. Bxe1 Qc6 31. Bd2+ Ne3 32. Bxe3# 1-0

[Event "Titled Tue 27th May Early"]
[Site "chess.com INT"]
[Date "2025.05.27"]
[Round "7"]
[White "Baskakov, Egor"]
[Black "Nguyen Quang Anh"]
[Result "1-0"]
[WhiteTitle "CM"]
[BlackTitle "CM"]
[WhiteElo "2215"]
[BlackElo "2052"]
[WhiteFideId "24197866"]
[BlackFideId "12432377"]
[EventDate "2025.05.27"]

1. e4 e6 2. g3 d5 3. Bg2 dxe4 4. Nc3 Nf6 5. Nxe4 Nxe4 6. Bxe4 Nd7 7. d4 Be7 8.
Ne2 Nf6 9. Bg2 O-O 10. O-O c5 11. c4 cxd4 12. Nxd4 e5 13. Nb5 a6 14. Nc3 Be6 15.
b3 Rb8 16. a4 Qa5 17. Nd5 Bxd5 18. cxd5 Rfd8 19. Qe2 Nxd5 20. Bd2 Bb4 21. Bxb4
Nxb4 22. Rad1 Nc6 23. Bxc6 bxc6 24. Qe3 Rd5 25. Rc1 Qb6 26. Qe2 a5 27. Rc3 Rbd8
28. Rfc1 c5 29. Qb5 Qd6 30. Rxc5 Rd1+ 31. Rxd1 Qxd1+ 32. Kg2 f6 33. Qc4+ Kf8 34.
Rxa5 Qd7 35. Qe4 Kf7 36. Rb5 Rc8 37. Rb7 Rc7 38. Rxc7 Qxc7 39. Qd5+ Ke7 40. a5
Qb8 41. a6 Kf8 42. Qb7 Qxb7+ 43. axb7 1-0

[Event "Titled Tue 27th May Early"]
[Site "chess.com INT"]
[Date "2025.05.27"]
[Round "7"]
[White "Ejsymont, Blanka"]
[Black "Bustelo, Tabare"]
[Result "1-0"]
[WhiteTitle "WCM"]
[BlackTitle "CM"]
[WhiteElo "1907"]
[BlackElo "2043"]
[WhiteFideId "21088268"]
[BlackFideId "3000362"]
[EventDate "2025.05.27"]

1. e4 c5 2. Nf3 Nc6 3. d3 g6 4. g3 Bg7 5. Bg2 d6 6. O-O e5 7. Nbd2 Nge7 8. c3
O-O 9. Nc4 b5 10. Ne3 f5 11. exf5 gxf5 12. c4 f4 13. Nd5 Nxd5 14. cxd5 Ne7 15.
Qb3 Bd7 16. Bd2 Kh8 17. Rae1 a5 18. a3 a4 19. Qa2 Qe8 20. gxf4 exf4 21. Re4 Bf5
22. Rxf4 Bxd3 23. Re1 Rxf4 24. Bxf4 Qd7 25. Ng5 Rf8 26. Ne6 Rf6 27. Bg5 Rg6 28.
h4 h6 29. Nf4 hxg5 30. Nxd3 gxh4 31. Nf4 Rg4 32. Nh3 Ng6 33. Qb1 Bd4 34. Qd3 Qf7
35. Re4 Nf4 36. Nxf4 Rxf4 37. Rxf4 Qxf4 38. Qe2 Qe5 39. Qg4 Bxb2 40. Qxh4+ Kg8
41. Qd8+ 1-0

[Event "Titled Tue 27th May Early"]
[Site "chess.com INT"]
[Date "2025.05.27"]
[Round "7"]
[White "Marichal Gonzalez, Ariel"]
[Black "Bendayan Claros, Aaron"]
[Result "1-0"]
[WhiteTitle "IM"]
[BlackTitle "CM"]
[WhiteElo "2268"]
[BlackElo "2224"]
[WhiteFideId "3503232"]
[BlackFideId "3803392"]
[EventDate "2025.05.27"]

1. d4 d5 2. c4 e6 3. Nc3 a6 4. cxd5 exd5 5. Nf3 Nf6 6. Bg5 Be6 7. e3 Nbd7 8. Bd3
Bd6 9. O-O c6 10. Re1 Qc7 11. Rc1 O-O 12. a3 h6 13. Bh4 Bg4 14. Be2 Rfe8 15. h3
Bf5 16. Bxf6 Nxf6 17. b4 Qd7 18. Na4 Rad8 19. Nc5 Qe7 20. Nd3 Bxd3 21. Qxd3 Ne4
22. Rc2 Bb8 23. Rb1 Rd6 24. Ne5 f6 25. Ng6 Qf7 26. Nh4 f5 27. Nf3 Rg6 28. Kf1 f4
29. exf4 Qxf4 30. a4 Rf6 31. b5 axb5 32. axb5 Ng5 33. Qd2 Nxf3 34. Qxf4 Rxf4 35.
Bxf3 Rxd4 36. bxc6 bxc6 37. Rxc6 Be5 38. Rc5 Rd8 39. g3 Bf6 40. Rbb5 Rd2 41.
Bxd5+ Kh7 42. Be4+ 1-0

[Event "Titled Tue 27th May Early"]
[Site "chess.com INT"]
[Date "2025.05.27"]
[Round "7"]
[White "Mitrabha, Guha"]
[Black "Duda, Jan-Krzysztof"]
[Result "1/2-1/2"]
[WhiteTitle "GM"]
[BlackTitle "GM"]
[WhiteElo "2515"]
[BlackElo "2739"]
[WhiteFideId "5057000"]
[BlackFideId "1170546"]
[EventDate "2025.05.27"]

1. Nf3 Nf6 2. c4 g6 3. g3 b6 4. Bg2 Bb7 5. O-O Bg7 6. b3 O-O 7. Bb2 e6 8. d4 d5
9. cxd5 exd5 10. Nc3 Na6 11. Rc1 Qe7 12. e3 c5 13. dxc5 bxc5 14. Na4 Rac8 15.
Qc2 Nb4 16. Qb1 d4 17. exd4 Be4 18. Qa1 Nd3 19. dxc5 Nxc1 20. Rxc1 Rc6 21. Ne5
Bxg2 22. Kxg2 Re6 23. c6 Nd5 24. Nf3 Bxb2 25. Qxb2 Re2 26. Qd4 Rd8 27. Kg1 Ne3
28. c7 Rxd4 29. Nxd4 Qxc7 30. Nxe2 Qe5 31. fxe3 Qxe3+ 32. Kf1 Qf3+ 33. Ke1 Qh1+
34. Kd2 Qxh2 35. Nc3 Qg2 36. b4 h5 37. b5 g5 38. a4 Kf8 39. a5 h4 40. gxh4 gxh4
41. Rb1 h3 42. b6 axb6 43. axb6 h2 44. b7 Qxb7 45. Rxb7 h1=Q 46. Rb5 Qh6+ 47.
Kd3 Qg6+ 48. Ke3 Qe6+ 49. Kf4 Qf6+ 50. Rf5 Qh6+ 51. Ke4 Qe6+ 52. Re5 Qc4+ 53.
Ke3 Kg7 54. Ne4 Qb3+ 55. N2c3 Qb8 56. Rg5+ Kf8 57. Rh5 Qb6+ 58. Kf3 Qg6 59. Rg5
Qh6 60. Nd5 Qh3+ 61. Rg3 Qh5+ 62. Kf4 Qxd5 63. Rg8+ Kxg8 64. Nf6+ Kg7 65. Nxd5
f5 66. Kxf5 1/2-1/2

[Event "Titled Tue 27th May Early"]
[Site "chess.com INT"]
[Date "2025.05.27"]
[Round "7"]
[White "Iskusnyh, Sergei"]
[Black "Tekeyev, Zaur"]
[Result "1-0"]
[WhiteTitle "GM"]
[BlackTitle "IM"]
[WhiteElo "2440"]
[BlackElo "2417"]
[WhiteFideId "4120027"]
[BlackFideId "4199731"]
[EventDate "2025.05.27"]

1. d4 Nf6 2. c4 g6 3. g3 Bg7 4. Bg2 d6 5. Nf3 O-O 6. Nc3 c6 7. e4 Nbd7 8. O-O e5
9. Qc2 Qa5 10. h3 exd4 11. Nxd4 Qc5 12. Nce2 d5 13. cxd5 Qxc2 14. Nxc2 cxd5 15.
exd5 Nc5 16. Be3 Nd3 17. Bd4 Re8 18. Ne3 Ne4 19. Bxg7 Kxg7 20. Rad1 Nexf2 21.
Rxf2 Rxe3 22. Rf3 Rxf3 23. Bxf3 Nxb2 24. Rc1 Bxh3 25. Rc7 b5 26. Nf4 Bf5 27. g4
Rc8 28. Rxa7 Rc4 29. Ne6+ Kf6 30. gxf5 fxe6 31. fxe6 Nd3 32. Rf7+ Kg5 33. e7
Rc1+ 34. Kh2 Ne5 35. e8=Q Rc2+ 36. Kg3 Nxf7 37. Qxf7 1-0

[Event "Titled Tue 27th May Early"]
[Site "chess.com INT"]
[Date "2025.05.27"]
[Round "7"]
[White "Tsyhanchuk, Stanislav"]
[Black "Vykouk, Jan"]
[Result "0-1"]
[WhiteTitle "IM"]
[BlackTitle "IM"]
[WhiteElo "2273"]
[BlackElo "2496"]
[WhiteFideId "13505130"]
[BlackFideId "349658"]
[EventDate "2025.05.27"]

1. d4 Nf6 2. Nf3 g6 3. c4 Bg7 4. g3 O-O 5. Bg2 d6 6. O-O c6 7. Nc3 a6 8. a4 a5
9. e4 Na6 10. b3 Nd7 11. Bb2 e5 12. Ne2 Qe7 13. Ne1 Nb4 14. Nc2 Re8 15. Nxb4
axb4 16. Qd2 exd4 17. Bxd4 Bxd4 18. Nxd4 Nf6 19. Rfe1 Bd7 20. Rad1 c5 21. Nc2
Bc6 22. Qxd6 Qxd6 23. Rxd6 Bxe4 24. Bxe4 Nxe4 25. Rd5 b6 26. Ne3 h5 27. h4 Re6
28. Kg2 Rae8 29. Rd7 Nc3 30. Ra1 Rf6 31. a5 bxa5 32. Rxa5 Ne4 33. f4 Nc3 34. Kf3
Rfe6 35. Rd3 Ne4 36. Nd5 Rd6 37. Re3 Nd2+ 38. Kf2 Rxe3 39. Kxe3 Nxb3 40. Ra8+
Kg7 41. Rc8 Re6+ 42. Kd3 Nc1+ 43. Kc2 Ne2 44. Rxc5 Nxg3 45. Nxb4 Nf5 46. Nd5
Nxh4 47. Kc3 Nf3 48. Ra5 h4 49. c5 h3 50. Ra1 h2 51. c6 Rxc6+ 52. Kd3 Ng1 53.
Ne3 h1=Q 54. Ng4 Qf3+ 55. Kd4 Qxf4+ 56. Kd5 Rd6+ 57. Kc5 Qd4+ 58. Kb5 Rb6+ 59.
Ka5 Qb4# 0-1

[Event "Titled Tue 27th May Early"]
[Site "chess.com INT"]
[Date "2025.05.27"]
[Round "7"]
[White "Daspres, Loic"]
[Black "Begunov, Konstantin"]
[Result "0-1"]
[WhiteTitle "CM"]
[BlackTitle "FM"]
[WhiteElo "2207"]
[BlackElo "2325"]
[WhiteFideId "20612281"]
[BlackFideId "4118510"]
[EventDate "2025.05.27"]

1. e4 c5 2. Nf3 d6 3. Bb5+ Nd7 4. O-O a6 5. Bxd7+ Bxd7 6. Re1 Bg4 7. h3 Bh5 8.
e5 e6 9. c4 dxe5 10. Rxe5 Nf6 11. Nc3 Bd6 12. Re3 Bf4 13. Re1 Qd3 14. g4 Bg6 15.
Qe2 Qd6 16. Ne5 O-O-O 17. d4 Bxc1 18. dxc5 Qxc5 19. Raxc1 Rd4 20. b3 Rhd8 21.
Qe3 Qd6 22. Nxg6 hxg6 23. Na4 Kc7 24. c5 Qc6 25. Rc2 Kb8 26. Rec1 Ka7 27. Kh2
Nxg4+ 28. hxg4 Rxg4 29. Qh3 Rdd4 0-1

[Event "Titled Tue 27th May Early"]
[Site "chess.com INT"]
[Date "2025.05.27"]
[Round "7"]
[White "Schubert, Christian"]
[Black "Yevchenko, Oleksandr"]
[Result "0-1"]
[WhiteTitle "CM"]
[BlackTitle "CM"]
[WhiteElo "2203"]
[BlackElo "2276"]
[WhiteFideId "4604229"]
[BlackFideId "14108267"]
[EventDate "2025.05.27"]

1. e4 c5 2. c3 Nf6 3. e5 Nd5 4. d4 cxd4 5. Nf3 Nc6 6. Bc4 Nb6 7. Bb3 d6 8. exd6
Qxd6 9. O-O Be6 10. Bxe6 Qxe6 11. Re1 Qd6 12. Nxd4 Rd8 13. Qf3 Nxd4 14. cxd4 Qd5
15. Qg3 e6 16. Nc3 Qh5 17. Bg5 Bd6 18. Qh4 Qxh4 19. Bxh4 Be7 20. Bxe7 Kxe7 21.
Rad1 Rd7 22. d5 Rhd8 23. dxe6 Rxd1 24. Nxd1 fxe6 25. Nc3 Rd2 26. Re2 Rd3 27. Kf1
Kf7 28. Ke1 Nc4 29. Ne4 h6 30. b3 Nb6 31. Nc5 Rd6 32. Nxb7 Rd7 33. Nc5 Re7 0-1

[Event "Titled Tue 27th May Early"]
[Site "chess.com INT"]
[Date "2025.05.27"]
[Round "7"]
[White "Sychev, Klementy"]
[Black "Timofeev, Artyom"]
[Result "1-0"]
[WhiteTitle "GM"]
[BlackTitle "GM"]
[WhiteElo "2542"]
[BlackElo "2548"]
[WhiteFideId "4114060"]
[BlackFideId "4140419"]
[EventDate "2025.05.27"]

1. h4 Nc6 2. d4 d5 3. Bf4 Bf5 4. Nc3 Nb4 5. Rc1 c5 6. e4 Bxe4 7. Nb5 Na6 8. c4
e6 9. f3 Nf6 10. fxe4 Nxe4 11. Nf3 cxd4 12. a3 f6 13. cxd5 e5 14. Nxe5 fxe5 15.
Qh5+ g6 16. Qxe5+ Qe7 17. Bd3 Nec5 18. Bc4 Bg7 19. Qxe7+ Kxe7 20. O-O Kd7 21.
Bd6 Bh6 22. Rf7+ Ke8 23. Rcf1 Kd8 24. Be7+ Ke8 25. Bxc5 Nxc5 26. Nc7+ Kd8 27.
Nxa8 d3 28. b4 Ne4 29. Bxd3 Nd6 30. Rc7 Re8 31. Kh1 Re3 32. Bb1 Rxa3 33. Rxh7 1-0

[Event "Titled Tue 27th May Early"]
[Site "chess.com INT"]
[Date "2025.05.27"]
[Round "7"]
[White "Galchenko, Matvey"]
[Black "Lee, Kyungseok"]
[Result "1-0"]
[WhiteTitle "IM"]
[BlackTitle "CM"]
[WhiteElo "2442"]
[BlackElo "2072"]
[WhiteFideId "24175480"]
[BlackFideId "13202154"]
[EventDate "2025.05.27"]

1. f4 d5 2. Nf3 g6 3. g3 Bg7 4. Bg2 Nf6 5. O-O O-O 6. d3 c5 7. Ne5 Qc7 8. Nc3
Rd8 9. e3 Nc6 10. Nxc6 Qxc6 11. Qe2 Qb6 12. e4 d4 13. Nd1 Bg4 14. Qe1 Rac8 15.
b3 Bd7 16. a4 Bc6 17. h3 Qc7 18. g4 Nd7 19. Qh4 Nb8 20. Nf2 Na6 21. Nh1 Nb4 22.
Rf2 b6 23. Ng3 a6 24. f5 Be5 25. Nf1 b5 26. axb5 axb5 27. Rb1 Na2 28. Bg5 Re8
29. fxg6 hxg6 30. Qh6 Bg7 31. Qh4 Nc3 32. Rc1 f6 33. Bf4 e5 34. Bd2 g5 35. Qg3
Ra8 36. h4 gxh4 37. Qxh4 Qd7 38. Ng3 Qf7 39. Nh5 Re6 40. g5 Qg6 41. gxf6 Bh6 42.
f7+ Kf8 43. Bxh6+ Qxh6 44. Rcf1 Rg6 45. Kh2 Rg5 46. Rf5 Rg6 47. Rxe5 Bd7 48.
Qe7# 1-0

[Event "Titled Tue 27th May Early"]
[Site "chess.com INT"]
[Date "2025.05.27"]
[Round "7"]
[White "Sovetbekova, Nurai"]
[Black "Chaulagain, Purusottam"]
[Result "1-0"]
[WhiteTitle "WFM"]
[BlackTitle "CM"]
[WhiteElo "2007"]
[BlackElo "1898"]
[WhiteFideId "13801910"]
[BlackFideId "12300730"]
[EventDate "2025.05.27"]

1. d4 d5 2. c4 e6 3. Nc3 c6 4. cxd5 exd5 5. Nf3 Nf6 6. Bg5 Bd6 7. Qc2 O-O 8. e3
h6 9. Bh4 Re8 10. Bd3 Nbd7 11. O-O Qc7 12. Rac1 a6 13. Na4 Ne4 14. Bg3 Nxg3 15.
hxg3 Nf6 16. Nc5 Bg4 17. Nh4 Bxc5 18. dxc5 Ne4 19. Be2 Be6 20. Nf3 a5 21. Nd4 a4
22. Bd3 f5 23. b4 axb3 24. axb3 Bd7 25. b4 Ra3 26. Nb3 Rea8 27. Na5 Rc3 28. Qe2
Rxc1 29. Rxc1 Qe5 30. Nxb7 Ra3 31. Bxe4 Qxe4 32. b5 Rb3 33. bxc6 Bxc6 34. Na5
Rb1 35. Rxb1 Qxb1+ 36. Qf1 Qxf1+ 37. Kxf1 Ba8 38. c6 Bxc6 39. Nxc6 Kf7 40. Ke2
g5 41. Kd3 Ke6 42. Kd4 Kd6 43. Nb4 1-0

[Event "Titled Tue 27th May Early"]
[Site "chess.com INT"]
[Date "2025.05.27"]
[Round "7"]
[White "Kravtsiv, Martyn"]
[Black "Vlassov, Nikolai"]
[Result "1-0"]
[WhiteTitle "GM"]
[BlackTitle "IM"]
[WhiteElo "2598"]
[BlackElo "2291"]
[WhiteFideId "14113147"]
[BlackFideId "4103360"]
[EventDate "2025.05.27"]

1. e4 Nc6 2. Nf3 d5 3. exd5 Qxd5 4. Nc3 Qa5 5. d4 Bg4 6. h3 Bxf3 7. Qxf3 O-O-O
8. Qxf7 e5 9. Bd3 exd4 10. Qf5+ Qxf5 11. Bxf5+ Kb8 12. Ne2 Nge7 13. Be4 Nd5 14.
a3 Nf6 15. Bxc6 bxc6 16. Bg5 Re8 17. Bxf6 gxf6 18. Kf1 c5 19. Rd1 Rd8 20. g3 Bg7
21. Kg2 f5 22. Nf4 Rd6 23. Rhe1 Bh6 24. Nd3 c4 25. Ne5 Rf8 26. Nxc4 Rd5 27. Re5
Rfd8 28. Kf3 Kb7 29. b3 Kc6 30. Rxd5 Kxd5 31. Re1 Bg7 32. Re7 Bf6 33. Rxc7 h5
34. Rxa7 d3 35. cxd3 Kd4 36. Ra6 Bh8 37. Rd6+ Rxd6 38. Nxd6 Kxd3 39. Nxf5 Kc3
40. a4 Kxb3 41. a5 Be5 42. a6 Bb8 43. Nd4+ Kc4 44. Nc6 1-0

[Event "Titled Tue 27th May Early"]
[Site "chess.com INT"]
[Date "2025.05.27"]
[Round "7"]
[White "Pournami S"]
[Black "Onur, Cigdem"]
[Result "1-0"]
[WhiteTitle "WCM"]
[BlackTitle "WCM"]
[WhiteElo "1782"]
[BlackElo "1966"]
[WhiteFideId "25732439"]
[BlackFideId "6346030"]
[EventDate "2025.05.27"]

1. e4 c5 2. Nf3 Nc6 3. d4 cxd4 4. Nxd4 Nf6 5. Nc3 e5 6. Ndb5 d6 7. Bg5 a6 8.
Bxf6 gxf6 9. Na3 b5 10. Nd5 f5 11. Bd3 Be6 12. c3 Bg7 13. O-O O-O 14. Ne3 f4 15.
Nf5 Bxf5 16. exf5 d5 17. Qg4 e4 18. Bc2 f3 19. Rfd1 fxg2 20. Rxd5 Qf6 21. Bxe4
Rfe8 22. Bxg2 Rad8 23. Rad1 Rxd5 24. Bxd5 Ne5 25. Qh5 Rd8 26. Nc2 Qd6 27. Bxf7+
Nxf7 28. Rxd6 Rxd6 29. Ne3 Rd2 30. Qg4 Ne5 31. Qg3 Kf7 32. Ng4 Nd3 33. Qc7+ Kg8
34. f6 Bh6 35. Nxh6+ 1-0

[Event "Titled Tue 27th May Early"]
[Site "chess.com INT"]
[Date "2025.05.27"]
[Round "7"]
[White "Dubnevych, Maksym"]
[Black "Shubenkova, Veronika"]
[Result "1-0"]
[WhiteTitle "FM"]
[BlackTitle "WFM"]
[WhiteElo "2292"]
[BlackElo "2024"]
[WhiteFideId "14184001"]
[BlackFideId "44124040"]
[EventDate "2025.05.27"]

1. Nc3 d5 2. e4 d4 3. Nce2 c5 4. Ng3 Nc6 5. Bc4 e5 6. Nf3 f6 7. d3 Bd6 8. a4 Qe7
9. Nh4 g6 10. O-O Be6 11. Bxe6 Qxe6 12. c3 Nge7 13. Bh6 O-O-O 14. cxd4 cxd4 15.
Bd2 f5 16. Nf3 f4 17. Ne2 g5 18. Nxg5 Qg6 19. Nf3 Rhg8 20. g3 h5 21. Kh1 Rdf8
22. Nh4 Qe6 23. Ng1 Rg4 24. Rc1 Kb8 25. b4 Bxb4 26. Bxb4 Nxb4 27. a5 Na2 28. Rc4
Nc3 29. Qb3 fxg3 30. hxg3 Rxg3 31. fxg3 Rxf1 32. Kg2 Rxg1+ 33. Kxg1 Qg4 34. Ng2
Ne2+ 35. Kf2 Nxg3 36. Qb4 Nh1+ 37. Kg1 Qd1+ 38. Kh2 Nf2 39. Qd6+ 1-0

[Event "Titled Tue 27th May Early"]
[Site "chess.com INT"]
[Date "2025.05.27"]
[Round "7"]
[White "Kosteniuk, Alexandra"]
[Black "Kopczynski, Michal"]
[Result "1-0"]
[WhiteTitle "GM"]
[BlackTitle "CM"]
[WhiteElo "2479"]
[BlackElo "2225"]
[WhiteFideId "4128125"]
[BlackFideId "1124200"]
[EventDate "2025.05.27"]

1. e4 b6 2. d4 Bb7 3. Bd3 e6 4. Ne2 Nf6 5. Ng3 d5 6. e5 Nfd7 7. f4 c5 8. c3 Nc6
9. Be3 f5 10. exf6 Qxf6 11. Na3 cxd4 12. cxd4 Bb4+ 13. Kf1 Bd6 14. Nb5 Bxf4 15.
Nh5 Qh4 16. Nxf4 O-O 17. g3 Qh3+ 18. Kg1 Qh6 19. Qd2 e5 20. Nxd5 Qh5 21. Be2 Qf7
22. Nd6 Qe6 23. Nxb7 Qxd5 24. dxe5 Qxe5 25. Bf4 Qf5 26. Bc4+ Kh8 27. Qd5 Qg4 28.
h3 Qg6 29. Qd3 Qe8 30. Nd6 Qe7 31. Kh2 Nde5 32. Qe2 Qxd6 33. Rhe1 Rae8 34. Rad1
Qc5 35. Bb3 Nd4 36. Rxd4 Qxd4 37. Rd1 Qc5 38. Rd5 Qc7 39. Rxe5 Rxe5 40. Qxe5 1-0

[Event "Titled Tue 27th May Early"]
[Site "chess.com INT"]
[Date "2025.05.27"]
[Round "7"]
[White "Korneev Leskova, Svyatoslav"]
[Black "Li, Hui"]
[Result "1-0"]
[WhiteTitle "CM"]
[BlackTitle "CM"]
[WhiteElo "2172"]
[BlackElo "2041"]
[WhiteFideId "22267565"]
[BlackFideId "15400310"]
[EventDate "2025.05.27"]

1. c4 e6 2. Nf3 d5 3. g3 Nf6 4. Bg2 dxc4 5. Qa4+ Nbd7 6. Qxc4 c5 7. O-O a6 8.
Qc2 Qc7 9. d4 b6 10. Bf4 Bd6 11. Bxd6 Qxd6 12. Ne5 Ra7 13. Nc4 Qc7 14. dxc5 Nxc5
15. Rd1 O-O 16. Nd6 Rd8 17. Nxc8 Rxd1+ 18. Qxd1 Qxc8 19. Nc3 Rd7 20. Qc2 Rd8 21.
Rc1 Ncd7 22. Qb3 Qb8 23. Qa3 a5 24. b4 axb4 25. Qxb4 h6 26. Rb1 Qc7 27. Na4 Qc2
28. Nc3 Rc8 29. Rb3 Qc1+ 30. Bf1 Qa1 31. a4 Qe1 32. Nb5 Qxb4 33. Rxb4 Nd5 34.
Rb2 Nc3 35. Rc2 Rc5 36. Rxc3 1-0

[Event "Titled Tue 27th May Early"]
[Site "chess.com INT"]
[Date "2025.05.27"]
[Round "7"]
[White "Weetik, Vjacheslav"]
[Black "Khazhatuly, Alikhan"]
[Result "0-1"]
[WhiteTitle "FM"]
[BlackTitle "CM"]
[WhiteElo "2423"]
[BlackElo "2196"]
[WhiteFideId "4153472"]
[BlackFideId "13731335"]
[EventDate "2025.05.27"]

1. d4 d5 2. c4 e6 3. Nc3 Nf6 4. cxd5 exd5 5. Bg5 c6 6. e3 Be7 7. Bd3 h6 8. Bh4
O-O 9. Nge2 Re8 10. O-O Nbd7 11. a4 Ne4 12. Bxe7 Qxe7 13. a5 Ndf6 14. Qc2 Bf5
15. a6 b6 16. Nxe4 dxe4 17. Bc4 Rac8 18. Rac1 Red8 19. Ng3 Bg6 20. f4 c5 21. f5
Bh7 22. Qb3 cxd4 23. exd4 h5 24. Ne2 Qd7 25. Qh3 b5 26. Bb3 Rxc1 27. Nxc1 Qxd4+
28. Kh1 Qxb2 29. Qe3 Ng4 30. Qxa7 Qe5 31. Qg1 Bxf5 32. a7 Ra8 33. Ne2 Be6 34.
Bxe6 Qxe6 35. Nf4 Qd7 36. Ra1 e3 37. h3 Nf2+ 38. Kh2 Rxa7 39. Re1 Qd6 40. g3 Ra2
41. Ng2 h4 42. Rxe3 hxg3+ 43. Rxg3 Ne4 0-1